| 000 | 01131cam a22003014a 4500 | ||
|---|---|---|---|
| 999 |
_c8821 _d8821 |
||
| 001 | 13148280 | ||
| 003 | GBCCL | ||
| 005 | 20241126110659.0 | ||
| 008 | 030404s2003 kyua bd 000 0 eng | ||
| 010 | _a 2003050176 | ||
| 020 | _a0664219179 (alk. paper) | ||
| 040 |
_aDLC _cDLC _dDLC |
||
| 042 | _apcc | ||
| 050 | 0 | 0 |
_aBS2312 _b.A86 2003 |
| 082 | 0 | 0 |
_a270.103 _221 _bAUN |
| 100 | 1 |
_aAune, David E. _q(David Edward) _915514 |
|
| 245 | 1 | 4 |
_aThe Westminster dictionary of New Testament and early Christian literature and rhetoric / _cDavid E. Aune. |
| 246 | 3 | 0 | _aNew Testament and early Christian literature and rhetoric |
| 250 | _a1st ed. | ||
| 260 |
_aLouisville, Ky. : _bWestminster John Knox Press, _cc2003. |
||
| 300 |
_axii, 595 p. : _bill. ; _c24 cm. |
||
| 504 | _aIncludes bibliographical references. | ||
| 630 | 0 | 0 |
_aBible. _pNew Testament _vDictionaries. _915419 |
| 650 | 0 |
_aChristian literature, Early _vDictionaries. _915515 |
|
| 906 |
_a7 _bcbc _corignew _d1 _eocip _f20 _gy-gencatlg |
||
| 942 |
_2ddc _cREF |
||